Catálogo público

Enfermedades ortopédicas de los equinos / (Record no. 169233)

MARC details
000 -CABECERA
campo de control de longitud fija 00946nam a2200313Ia 4500
001 - NÚMERO DE CONTROL
campo de control Z_6019
003 - IDENTIFICADOR DEL NÚMERO DE CONTROL
campo de control CHAP
008 - DATOS DE LONGITUD FIJA--INFORMACIÓN GENERAL
campo de control de longitud fija 220113s1992 xx 000 0 und d
010 ## - NÚMERO DE CONTROL DE LA BIBLIOTECA DEL CONGRESO
Número de control de LC 169233
020 ## - NÚMERO INTERNACIONAL ESTÁNDAR DEL LIBRO
Número Internacional Estándar del Libro 950-504-479-8 / 968-4963-067-0
040 ## - FUENTE DE LA CATALOGACIÓN
Centro/agencia transcriptor CHAP
082 ## - NÚMERO DE LA CLASIFICACIÓN DECIMAL DEWEY
Número de clasificación 636.1089 W96
100 ## - ENTRADA PRINCIPAL--NOMBRE DE PERSONA
Nombre de persona Wyn-Jones, Geraint
9 (RLIN) 122864
245 ## - MENCIÓN DE TÍTULO
Título Enfermedades ortopédicas de los equinos /
Mención de responsabilidad, etc. G. Wyn-Jones ; traductor Carlos H. Lightowler
260 ## - PUBLICACIÓN, DISTRIBUCIÓN, ETC.
Lugar de publicación, distribución, etc. México, D.F. :
Nombre del editor, distribuidor, etc. AGT Editor ; Buenos Aires, Argentina :,
-- Hemisferio sur,
Fecha de publicación, distribución, etc. 1992
300 ## - DESCRIPCIÓN FÍSICA
Extensión viii, 247 p
500 ## - NOTA GENERAL
Nota general Traducción de: Equine Lameness
503 ## - NOTA DE HISTORIA BIBLIOGRÁFICA (BK CF MU) [OBSOLETO]
Nota de historia bibliográfica ej.1. C/E, ej.2: C/E
504 ## - NOTA DE BIBLIOGRAFÍA, ETC.
Nota de bibliografía, etc. Incluye bibliografía e índice
650 ## - PUNTO DE ACCESO ADICIONAL DE MATERIA--TÉRMINO DE MATERIA
Término de materia o nombre geográfico como elemento de entrada Caballos
Subdivisión general Veterinaria
9 (RLIN) 143718
650 ## - PUNTO DE ACCESO ADICIONAL DE MATERIA--TÉRMINO DE MATERIA
Término de materia o nombre geográfico como elemento de entrada Renquera en los caballos
9 (RLIN) 143719
700 ## - PUNTO DE ACCESO ADICIONAL--NOMBRE DE PERSONA
Nombre de persona I. Lightowler, Carlos H. tr.
9 (RLIN) 143720
901 ## - ELEMENTOS DE DATOS A LOCAL LDA (RLIN)
a 636.1089 W96
902 ## - ELEMENTOS DE DATOS B LOCAL, LDB (RLIN)
a M
910 ## - DATOS DE OPCIÓN DEL USUARIO (OCLC)
Datos de opción del usuario 1992
942 ## - ELEMENTOS DE PUNTO DE ACCESO ADICIONAL (KOHA)
Tipo de ítem Koha Libro_
942 ## - ELEMENTOS DE PUNTO DE ACCESO ADICIONAL (KOHA)
Tipo de ítem Koha
Holdings
Estado de retiro Estado de pérdida Fuente del sistema de clasificación o colocación Estado dañado No para préstamo Código de colección Localización permanente Ubicación/localización actual Ubicación en estantería Fecha de adquisición Código de barras Fecha visto por última vez Número de copia Precio válido a partir de Tipo de ítem Koha
    Dewey Decimal Classification     General Zootecnia Zootecnia   14/10/2011 z_1190 18/01/2022 1 18/01/2022 Libro
    Dewey Decimal Classification     General Zootecnia Zootecnia   14/10/2011 z_1239 18/01/2022 2 18/01/2022 Libro